| 000 | 01756nam a22003017a 4500 | ||
|---|---|---|---|
| 999 |
_c6591 _d6591 |
||
| 003 | OSt | ||
| 005 | 20200225095509.0 | ||
| 008 | 200225s2012 ck ||||g |||| 001 0dspa d | ||
| 020 | _a9789587350258 | ||
| 040 |
_aCO-JMCR _cCO-JMCR _bspa |
||
| 082 | 0 | 4 |
_a152.4 / _bL754n |
| 100 | 1 |
_aLinero Gómez, P. Alberto, _eautor _9894 |
|
| 245 | 1 |
_aNo mendigues amor 2 : _bCon manual de instrucciones / _cP. Alberto Linero Gómez |
|
| 250 | _aOctava edición | ||
| 260 |
_aBogotá (Colombia) : _bCorporación Centro Carismático Minuto de Dios, _c2012 |
||
| 300 |
_a133 páginas _c23 cm. |
||
| 490 |
_aColección Orando y viviendo ; _v15. |
||
| 500 | _aIncluye datos biográficos del autor en solapa frontal. | ||
| 505 | _aNo mendigues amor 2 -- Confiando en el poder de Dios -- ¿Cuál es el perfil que tienes de ti?¿Cómo te ves a tí mismo? -- Cambia de actitud, es tu oportunidad -- Eres valioso, esa tiene que ser tu seguridad -- Mendigar amor es un mal negocio -- Justificar la situación no lo cambia -- Sin miedo a la soledad -- Inicia el nuevo camino -- Frases que no pueden estar en tu vocabulario -- Frases para sospechar de la actitud de otra persona -- A manera de conclusión | ||
| 520 | _aEn estas reflexiones queremos llegar a la certeza de que no necesitamos "mendigar amor" para ello vamos a trabajar en los siguientes puntos: No te dejes ganar por el miedo, ni por la costumbre. Siempre podrás hacerlo, no olvides que tienes muchos valores y capacidades, y y que esas son herramientas para poder vencer en tu batalla. | ||
| 650 | 2 | 4 |
_aAutoestima _9895 |
| 650 | 2 | 4 |
_aEmociones _9600 |
| 650 | 2 | 4 |
_aOraciones _9896 |
| 650 | 2 | 4 |
_aAmor de Dios _9897 |
| 650 | 2 | 4 |
_aMeditaciones _9898 |
| 650 | 2 | 4 |
_aVida espiritual _9899 |
| 942 |
_2ddc _cBK |
||